000 01129nam a2200265 i 4500
001 74198
003 ES-MaACL
005 20230906172041.0
007 t|
008 040916s1964 sp ||||1| spa d
100 1 _aGonzález Echegaray, Joaquín.
_958609
245 1 0 _aExcavaciones en la terraza de "El Khiam" (Jordania) /
_cJoaquín González Echegaray.
260 _aMadrid :
_b[s.n.],
_c1964 (
_eSantander :
_fBedia)
300 _aV., 34 lám. :
_bil. ;
_c32 cm.
490 1 _aBiblioteca praehistorica hispana ;
_v5
500 _aPrecede al tit.: Consejo Superior de Investigaciones Científicas. Instituto Español de Prehistoria. Casa Española de Santiago de Jerusalén para Estudios Bíblicos y Orientales.
500 _aEs el t.1.
505 8 _aContiene: I. Estudio del yacimiento y los niveles paleolíticos
651 _aJordania-
_xRestos arqueológicos.
_9172809
651 4 _aEl Khiam (Jordania, Yacimiento)
_9168832
710 2 _aInstituto Español de Prehistoria.
_9194516
830 0 _aBiblioteca praehistorica hispana ;
_v5
_9231206
852 _aES-MaACL
_jP-1081
_bR.59885
999 _c74198
_d74198